| 000 | 00885cam a2200217 4500 | ||
|---|---|---|---|
| 001 | WB3643-24 | ||
| 008 | 000000n2000 000 0 eng u | ||
| 035 | _a(Sirsi) u109027 | ||
| 245 | _aPacking a small punch | ||
| 260 | _c2000 | ||
| 490 |
_aDaily Telegraph _v 30 October 2000, 31(1) |
||
| 520 | _aSo far the Late Payment of Commercial Debts (Interest) Act 1998 has been largely ignored, but the right to levy interest on late payment from large companies has now been extended to small companies. It is anticipated that the change in the Act may lead to it becoming more widely used and effective. Further information available at www.dti.gov.uk/latepay | ||
| 590 | _aWB | ||
| 650 | _aLATE PAYMENT OF COMMERCIAL DEBTS (INTEREST) ACT 1998 | ||
| 650 | _aDEBT | ||
| 650 | _aLATE PAYMENT | ||
| 650 | _aINTEREST | ||
| 650 | _aSMALL BUSINESSES | ||
| 690 | _aLAW | ||
| 942 | _n0 | ||
| 999 |
_c65112 _d65112 |
||